00569 a2200181 4500003000500000005001700005020001500022040000900037082001900046100000800065245011500073250002100188260003700209300002400246505007500270600000800345650003400353Nust20221202183539.0 a8176566527 cNust a621.381528,BPB aVRT aUp-to date world's transistors diodes- thyristors & IC's comparison tablesb1N.....60,000....U VOLUME-2 /cVRT anew 2003 edition aBPB PublicationbNew Delhic2003 a649 pbillusc24 cm aComparison Table Reference Table (Page-2), Pin Assignments (Page-651). aVRT aTelecommunication Engineering